000 01195cam a2200301 a 4500
001 15861980
005 20170105102843.0
008 090810s2011 cauab b 001 0 eng
010 _a 2009934607
020 _a9781424067824
020 _a1424067820
040 _aDLC
_cDLC
_dDLC
050 0 0 _aCB245
_b.W4843 2011
082 _a909.09812
245 0 0 _aWestern civilization :
_bbeyond boundaries /
_cThomas F.X. Noble ... [et al.].
250 _a6th ed.
260 _aBoston, MA :
_bWadsworth Cengage Learning,
_cc2011.
300 _axxxii, 880, 31 p. :
_bill. (some col.), maps (some col.) ;
_c29 cm.
504 _aIncludes bibliographical references and index.
650 0 _aCivilization, Western.
700 1 _aNoble, Thomas F. X.
856 4 2 _3Contributor biographical information
_uhttp://www.loc.gov/catdir/enhancements/fy1105/2009934607-b.html
856 4 2 _3Publisher description
_uhttp://www.loc.gov/catdir/enhancements/fy1105/2009934607-d.html
856 4 1 _3Table of contents only
_uhttp://www.loc.gov/catdir/enhancements/fy1105/2009934607-t.html
906 _a7
_bcbc
_corignew
_d3
_eepcn
_f20
_gy-gencatlg
942 _2ddc
_cBK
999 _c13935
_d13935